000 00462nam a2200169 4500
020 _a9788120342064
082 _a004.21 KEN
100 _aKendall, Kenneth E.
245 _aSystems analysis and design
250 _a8th ed.
260 _aNew Delhi, India
_bPHI Learning
_c2011
300 _axxviii, 572 p.
_bill. ;
500 _aIncludes bibliographies and index.
650 _a1.System design.2.System analysis.
700 _aKendall, Julie E.
942 _cBK
999 _c12347
_d12347